|
|
|
|
| LEADER |
02363nam a2200601 4500 |
| 001 |
ocn873936361 |
| 003 |
OCoLC |
| 005 |
20170124071728.6 |
| 006 |
m o d |
| 007 |
cr cnu---unuuu |
| 008 |
140319s2014 enk ob 001 0 eng d |
| 040 |
|
|
|a N$T
|b eng
|e rda
|e pn
|c N$T
|d EBLCP
|d YDXCP
|d DG1
|d CUS
|d OCLCF
|d OCLCQ
|d SFB
|d DEBSZ
|d DG1
|d GrThAP
|
| 020 |
|
|
|a 9781118584248
|q (electronic bk.)
|
| 020 |
|
|
|a 1118584244
|q (electronic bk.)
|
| 020 |
|
|
|a 9781118584293
|q (electronic bk.)
|
| 020 |
|
|
|a 1118584295
|q (electronic bk.)
|
| 020 |
|
|
|z 9780470656426
|
| 020 |
|
|
|z 0470656425
|
| 029 |
1 |
|
|a NZ1
|b 15624989
|
| 029 |
1 |
|
|a NLGGC
|b 373185596
|
| 029 |
1 |
|
|a NZ1
|b 15920437
|
| 029 |
1 |
|
|a DEBSZ
|b 431651493
|
| 035 |
|
|
|a (OCoLC)873936361
|
| 050 |
|
4 |
|a P120.S48
|
| 072 |
|
7 |
|a POL
|x 038000
|2 bisacsh
|
| 072 |
|
7 |
|a SOC
|x 002010
|2 bisacsh
|
| 072 |
|
7 |
|a SOC
|x 022000
|2 bisacsh
|
| 082 |
0 |
4 |
|a 306.44
|2 23
|
| 049 |
|
|
|a MAIN
|
| 245 |
0 |
4 |
|a The handbook of language, gender, and sexuality /
|c edited by Susan Ehrlich, Miriam Meyerhoff, and Janet Holmes.
|
| 250 |
|
|
|a Second edition.
|
| 264 |
|
1 |
|a Chichester, West Sussex :
|b Wiley Blackwell,
|c 2014.
|
| 300 |
|
|
|a 1 online resource (xxii, 664 pages).
|
| 336 |
|
|
|a text
|b txt
|2 rdacontent
|
| 337 |
|
|
|a computer
|b c
|2 rdamedia
|
| 338 |
|
|
|a online resource
|b cr
|2 rdacarrier
|
| 490 |
1 |
|
|a Blackwell handbooks in linguistics
|
| 504 |
|
|
|a Includes bibliographical references and index.
|
| 588 |
0 |
|
|a Online resource; title from PDF title page (Wiley, viewed April 30, 2014).
|
| 650 |
|
0 |
|a Language and sex.
|
| 650 |
|
7 |
|a POLITICAL SCIENCE
|x Public Policy
|x Cultural Policy.
|2 bisacsh
|
| 650 |
|
7 |
|a SOCIAL SCIENCE
|x Anthropology
|x Cultural.
|2 bisacsh
|
| 650 |
|
7 |
|a SOCIAL SCIENCE
|x Popular Culture.
|2 bisacsh
|
| 650 |
|
7 |
|a Language and sex.
|2 fast
|0 (OCoLC)fst00992283
|
| 655 |
|
4 |
|a Electronic books.
|
| 655 |
|
0 |
|a Electronic books.
|
| 700 |
1 |
|
|a Ehrlich, Susan
|q (Susan Lynn),
|e editor.
|
| 700 |
1 |
|
|a Meyerhoff, Miriam,
|e editor.
|
| 700 |
1 |
|
|a Holmes, Janet,
|d 1947-
|e editor.
|
| 776 |
0 |
8 |
|i Print version:
|t Handbook of language, gender, and sexuality.
|b Second edition.
|d Chichester, West Sussex : Wiley Blackwell, 2014
|z 9780470656426
|w (DLC) 2013042749
|w (OCoLC)871335557
|
| 830 |
|
0 |
|a Blackwell handbooks in linguistics.
|
| 856 |
4 |
0 |
|u https://doi.org/10.1002/9781118584248
|z Full Text via HEAL-Link
|
| 994 |
|
|
|a 92
|b DG1
|